000 00659cam a22002291 4500
001 ne 63000164
003 DLC
005 20260227111740.0
008 900629s1962 ua a 000 1 ararc
010 _ane 63000164
025 _aPL480:UAR-1425
035 _a(OCoLC)21947924
040 _aPrinceton Univ. Libr.
_cWaU
_dDLC
042 _apremarc
050 0 0 _aPJ7826.H83
_bN5
100 1 _aGhurāb, Amīn Yūsuf.
245 1 0 _aNisāʼ al-ākharīn
_c[taʼlīf] Amīn Yūsuf Ghurāb.
260 _a[al-Qāhirah]
_bMuʼassasat Rūz al-Yūsuf
_c[1962]
300 _a164 p.
_billus.
_c20 cm.
490 0 _aKitāb al-dhahabī,
_v98
500 _aShort stories.
999 _c45476
_d45476